Principles of economics / (Record no. 14757)
[ view plain ]
| 000 -LEADER | |
|---|---|
| fixed length control field | 01202cam a22003615i 4500 |
| 003 - CONTROL NUMBER IDENTIFIER | |
| control field | EG-ScBUE |
| 005 - DATE AND TIME OF LATEST TRANSACTION | |
| control field | 20201128020844.0 |
| 008 - FIXED-LENGTH DATA ELEMENTS--GENERAL INFORMATION | |
| fixed length control field | 171109t20092009enka f d 001 0 eng d |
| 020 ## - INTERNATIONAL STANDARD BOOK NUMBER | |
| International Standard Book Number | 9781408018606 |
| 040 ## - CATALOGING SOURCE | |
| Original cataloging agency | EG-ScBUE |
| Language of cataloging | eng |
| Description conventions | rda |
| Transcribing agency | EG-ScBUE |
| Modifying agency | EG-ScBUE |
| 082 04 - DEWEY DECIMAL CLASSIFICATION NUMBER | |
| Classification number | 330 |
| Item number | MAN |
| Edition number | 22 |
| 100 1# - MAIN ENTRY--PERSONAL NAME | |
| Personal name | Mankiw, N. Gregory, |
| Relator term | editor. |
| 9 (RLIN) | 10263 |
| 245 10 - TITLE STATEMENT | |
| Title | Principles of economics / |
| Statement of responsibility, etc | N. Gregory Mankiw. |
| 246 30 - VARYING FORM OF TITLE | |
| Title proper/short title | Economics |
| 250 ## - EDITION STATEMENT | |
| Edition statement | Fifth edition. |
| 250 ## - EDITION STATEMENT | |
| Edition statement | Middle East edition. |
| 264 #1 - PUBLICATION, DISTRIBUTION, ETC. (IMPRINT) | |
| Place of publication, distribution, etc | Hampshire : |
| Name of publisher, distributor, etc | South-Western / Cengage Learu, |
| Date of publication, distribution, etc | [2009] |
| 264 #4 - PUBLICATION, DISTRIBUTION, ETC. (IMPRINT) | |
| Date of publication, distribution, etc | c2009 |
| 300 ## - PHYSICAL DESCRIPTION | |
| Extent | xxxi, 884 pages : |
| Other physical details | illustrations ; |
| Dimensions | 26 cm |
| 336 ## - CONTENT TYPE | |
| Content type term | text |
| Content type code | txt |
| Source | rdacontent |
| 337 ## - MEDIA TYPE | |
| Media type term | unmediated |
| Media type code | n |
| Source | rdamedia |
| 338 ## - CARRIER TYPE | |
| Carrier type term | volume |
| Carrier type code | nc |
| Source | rdacarrier |
| 500 ## - GENERAL NOTE | |
| General note | Index : p. 868-884. |
| 500 ## - GENERAL NOTE | |
| General note | Glossary : p. 849-855. |
| 520 ## - SUMMARY, ETC. | |
| Summary, etc | In writing this textbook, Mankiw tried to put himself in the position of someone coming to economics for the first time. |
| 650 #7 - SUBJECT ADDED ENTRY--TOPICAL TERM | |
| Topical term or geographic name as entry element | Economics. |
| Source of heading or term | BUEsh |
| 9 (RLIN) | 720 |
| 651 ## - SUBJECT ADDED ENTRY--GEOGRAPHIC NAME | |
| Source of heading or term | BUEsh |
| 653 ## - INDEX TERM--UNCONTROLLED | |
| Resource For college | BAEPS, Economics |
| Arrived date list | August2015 |
| -- | November2017 |
| -- | December2017 |
| 653 ## - INDEX TERM--UNCONTROLLED | |
| Arrived date list | March2020 |
| 942 ## - ADDED ENTRY ELEMENTS (KOHA) | |
| Source of classification or shelving scheme | Dewey Decimal Classification |
| Koha item type | Book - Borrowing |
| Withdrawn status | Lost status | Source of classification or shelving scheme | Damaged status | Not for loan | Collection code | Home library | Current library | Shelving location | Date acquired | Source of acquisition | Total Checkouts | Full call number | Barcode | Date last seen | Date checked out | Price effective from | Koha item type | Materials specified (bound volume or other part) | Total Renewals |
|---|---|---|---|---|---|---|---|---|---|---|---|---|---|---|---|---|---|---|---|
| Dewey Decimal Classification | Baccah | Central Library | Central Library | First floor | 07/10/2010 | 9 | 330 MAN | 000022355 | 15/07/2025 | 22/01/2012 | 07/10/2010 | NB - Book (Non borrowing) | |||||||
| Lost | Dewey Decimal Classification | Baccah | Central Library | Central Library | First floor | 07/10/2010 | 1 | 330 MAN | 000022346 | 21/10/2010 | 11/10/2010 | 07/10/2010 | Book - Borrowing | Lost In Inventory_2015-8-23 | 1 | ||||
| Dewey Decimal Classification | Baccah | Central Library | Central Library | First floor | 07/10/2010 | 17 | 330 MAN | 000022347 | 11/05/2026 | 11/10/2025 | 07/10/2010 | Book - Borrowing | 55 | ||||||
| Dewey Decimal Classification | Baccah | Central Library | Central Library | First floor | 07/10/2010 | 13 | 330 MAN | 000022352 | 11/10/2025 | 11/11/2019 | 07/10/2010 | Book - Borrowing | 57 | ||||||
| Dewey Decimal Classification | Baccah | Central Library | Central Library | First floor | 09/11/2017 | Purchase | 8 | 330 MAN | 000042436 | 26/11/2025 | 07/10/2025 | 09/11/2017 | Book - Borrowing | 32 | |||||
| Dewey Decimal Classification | Central Library | Central Library | First floor | 25/12/2017 | Donation | 9 | 330 MAN | 000046997 | 03/01/2026 | 11/10/2025 | 25/12/2017 | Book - Borrowing | 38 | ||||||
| Dewey Decimal Classification | Central Library | Central Library | First floor | 26/12/2017 | Exchange | 7 | 330 MAN | 000047031 | 15/10/2025 | 12/10/2025 | 26/12/2017 | Book - Borrowing | 21 | ||||||
| Dewey Decimal Classification | unknown | Central Library | Central Library | First floor | 09/03/2020 | Purchase | 2 | 330 MAN | 000048945 | 15/07/2025 | 08/05/2022 | 09/03/2020 | Book - Borrowing |